000 01428nam a2200373Ia 4500
001 dia_4453
003 CHAP
005 20240613131449.0
007 ta
008 220117s2016 mx bdo fr 001 0 spa d
040 _cCHAP
_amxchpua
090 _aT.C.716
_bS26 SAI
_c2016
245 1 0 _aTrabajo de campo de la asignatura :
_bsistemas agroindustriales (SAI) /
_ccoordinador Armando Santos Moreno ; colaboradores José Ignacio Carrera Alvarado...[et al.]
260 _aMéxico :
_bEl autor,
_c2016
300 _a103 hojas :
_bmapas, gráficas, diagramas, tablas, fotos +
_e1 CD-ROM
336 _2rdacontent
_atexto
_btxt
337 _2rdamedia
_ano mediado
_bn
338 _2rdacarrier
_avolumen
_bnc
500 _a6° año Grupo 2 -- El CD contiene reporte
502 _aViaje de estudios
_b(SAI) --
_cUACh. Departamento de Ingeniería Agroindustrial,
_d2016
504 _aBibliografía: hojas 61-63
650 1 0 _aIndustria quesera
_zMéxico
_9155201
650 1 0 _aCheese industry
_zMexico
_9155200
700 1 _aSantos Moreno, Armando
_9147701
_ecoordinador
700 1 _aCarrera Alvarado, José Ignacio
_9136274
_ecolaborador
856 4 1 _uhttp://10.13.5.2/ve/TC716SAI/TC716SAI2016-REPORTE.pdf
_yDESCARGAR REPORTE
901 _aT.C.716 S26 SAI 2016
902 _aM
905 _a5232272016 mx dmnl8223123322spa16
942 _2local
942 _cVE
999 _c175195
_d175195